000 01371cam a22003853a 4500
001 13393495
003 NUST
005 20220509154341.0
008 030619s2003 nyu 000 1 eng d
010 _a 2003612015
020 _a0425191052
035 _a(OCoLC)ocm52466686
038 _aArshad
040 _aOWL
_cOWL
_dIHI
_dDLC
042 _alccopycat
050 0 0 _aCPB Box no. 2080 vol. 14
082 _a813.54
_bMAT
100 1 _aMatetsky, Amanda.
_991405
245 1 0 _aMurderers prefer blondes /
_cAmanda Matetsky.
250 _aBerkley Prime Crime mass-market ed.
260 _aNew York :
_bBerkley Publishing Group,
_c2003.
300 _a291 p. ;
_c18 cm.
500 _a"Berkley Prime Crime mystery"--Spine.
500 _a"A Paige Turner mystery"--Cover.
563 _aPBK
650 0 _aWidows
_vFiction.
_97299
650 0 _aDetective and mystery stories
_xAuthorship
_vFiction.
_991406
655 7 _aMystery fiction.
_2gsafd
710 2 _aCopyright Paperback Collection (Library of Congress)
_5DLC
856 4 2 _3Contributor biographical information
_uhttp://www.loc.gov/catdir/enhancements/fy0717/2003612015-b.html
856 4 2 _3Publisher description
_uhttp://www.loc.gov/catdir/enhancements/fy0717/2003612015-d.html
906 _a7
_bcbc
_ccopycat
_d2
_encip
_f20
_gy-genrareb
942 _2ddc
_cBK
999 _c589537
_d589537